ՀՀ Գիտությունների ազգային ակադեմիայի հիմնարար գիտական գրադարան  =   Fundamental Scientific Library of NAS RA

Ծաղիկ : (Record no. 215902)

MARC details
000 -LEADER
fixed length control field 03128nas a2200313 a 4500
001 - CONTROL NUMBER
control field 000557026
003 - CONTROL NUMBER IDENTIFIER
control field AM-YeHGA
005 - DATE AND TIME OF LATEST TRANSACTION
control field 20251125120604.0
008 - FIXED-LENGTH DATA ELEMENTS--GENERAL INFORMATION
fixed length control field 071112d18611867tu wr|p|||||||||||||arm|d
040 ## - CATALOGING SOURCE
Original cataloging agency AM-YeHGA
041 0# - LANGUAGE CODE
Language code of text/sound track or separate title arm
245 00 - TITLE STATEMENT
Title Ծաղիկ :
Remainder of title Հանդէս տասնօրէայ /
Statement of responsibility, etc. Տնօրէն եւ խմբագիր՝ Ա. Հայկունի եւ Գ. Չիլինկիրեան.
260 ## - PUBLICATION, DISTRIBUTION, ETC.
Place of publication, distribution, etc. Զմիւռնիա :
Name of publisher, distributor, etc. տպ. Յարութիւն Տէտէեան,
Date of publication, distribution, etc. 1861-1865, 1867;
260 ## - PUBLICATION, DISTRIBUTION, ETC.
Place of publication, distribution, etc. Կ. Պոլիս ։
Name of publisher, distributor, etc. տպ. Արամեան,
Date of publication, distribution, etc. 1865-1867.
300 ## - PHYSICAL DESCRIPTION
Extent 16 էջ ;
Dimensions 27 x 21 սմ.
362 0# - DATES OF PUBLICATION AND/OR SEQUENTIAL DESIGNATION
Dates of publication and/or sequential designation 1861-1867
500 ## - GENERAL NOTE
General note Պրոպագանդել է առաջադիմական-դեմոկրատական, սոցիալ-քաղաքական և ազգային-ազատագրական հայացքները, ձաղկել պահպանողական մամուլը։ Սատարել է աշխարհաբարի և հայ նոր գրականության զարգացմանը։ Ընթերցողներին ծանոթացրել է Միքայել Նալբանդյանի աշխարհայացքին, նյութեր հրապարակել նրա կյանքի ու գործունեության մասին։ Պարզաբանել է Ազգային սահմանադրության էությունը, պայքարել նրա գործադրության համար։ Տպագրել է Ս. Հայկունու, Դ. Չիլինկիրյանի գրական-հրապարակախոսական գործերը, Մ. Մամուրյանի «Անգլիական նամականի», «Զմյուռնիական նամականի» երկերը, Վիկտոր Հյուգոյի, Ալֆրեդ դը Մյուսեի, էմ. դը ժերարդենի, Վիկտոր Լանգլուայի, Ժան Ռասինի ստեղծագործությունները, նյութեր՝ նվիրված կրթության ու դաստիարակության, թատրոնի զարգացման, մամուլի դերի, տնտեսագիտության, կանանց ազատագրության, ազգապահպանման ու համախմբման հարցերին։ Լուսաբանել է Զմյուռնիայի հասարակական և մշակութային կյանքը։
500 ## - GENERAL NOTE
General note 1861-ից մինչև 1965 թ.108-ը և 1867թթ. 135-146-ը տպագրվել է Զմյուռնիայում, իսկ 1865-ի. թ. 109-ից մինչև 1867-ի թ.134-ը՝ Կ. Պոլսում:
650 04 - SUBJECT ADDED ENTRY--TOPICAL TERM
Topical term or geographic name entry element Ամսագիր
650 14 - SUBJECT ADDED ENTRY--TOPICAL TERM
Topical term or geographic name entry element Հասարակական-քաղաքական կյանք
Form subdivision Պարբերականներ
Chronological subdivision XIXդ.
650 14 - SUBJECT ADDED ENTRY--TOPICAL TERM
Topical term or geographic name entry element Սոցիալ-տնտեսական կյանք
Form subdivision Պարբերականներ
Chronological subdivision XIXդ.
651 #4 - SUBJECT ADDED ENTRY--GEOGRAPHIC NAME
Geographic name Իզմիր (Զմյուռնիա)
651 #4 - SUBJECT ADDED ENTRY--GEOGRAPHIC NAME
Geographic name Ստամբուլ
9 (RLIN) 5934
651 #4 - SUBJECT ADDED ENTRY--GEOGRAPHIC NAME
Geographic name Թուրքիա
700 1# - ADDED ENTRY--PERSONAL NAME
Personal name Հայկունի, Արմենակ (Համբարձում Ճիզմէճեան) Յարութիւնի,
Relator term տնօրէն եւ խմբ.
Dates associated with a name 1835-1866
700 1# - ADDED ENTRY--PERSONAL NAME
Personal name Չիլինկիրեան, Գրիգոր Յովակիմի,
Relator term տնօրէն եւ խմբ.
Dates associated with a name 1839-1923
856 41 - ELECTRONIC LOCATION AND ACCESS
Uniform Resource Identifier <a href="https://tert.nla.am/mamul/Caxik%201861-1867/Table.html">https://tert.nla.am/mamul/Caxik%201861-1867/Table.html</a>
Link text Կարդալ առցանց
942 ## - ADDED ENTRY ELEMENTS (KOHA)
Source of classification or shelving scheme Universal Decimal Classification
Koha item type Շարունակական պաշար / Continuing Resource
Holdings
Withdrawn status Lost status Source of classification or shelving scheme Damaged status Not for loan Collection Home library Current library Date acquired Serial enumeration / chronology Total checkouts Full call number Barcode Date last seen Price effective from Koha item type Public note
    Universal Decimal Classification     General Fundamental Scientific Library Fundamental Scientific Library 28/12/2016 1861, Ա տարի, Թիւ 1-18, 1862, Բ տարի, Թիւ 19-36   АЖ 173 FL0700995 28/12/2016 28/12/2016 Շարունակական պաշար / Continuing Resource 30 Days Loan
    Universal Decimal Classification     Pogharian Individual Collection Fundamental Scientific Library Fundamental Scientific Library 28/12/2016 1861, Ա տարի, Թիւ 1, 3-18, 1862, Բ տարի, Թիւ 19-54, 1863, Բ տարի, Թիւ 55-60, 62   Պող/208 FL0309571 28/12/2016 28/12/2016 Շարունակական պաշար / Continuing Resource ILL Non-Circ.


ՀՀ ԳԱԱ հիմնարար գիտական գրադարան
ՀՀ,Երևան 0019
Մարշալ Բաղրամյան 24/6
հեռախոս:(374-10) 52-47-50
Հետադարձ կապ

All site content, except where otherwise noted, is licensed under a
Creative Commons License